000110201 001__ 110201
000110201 005__ 20220210105258.0
000110201 037__ $$aTAZ-TFG-2021-3494
000110201 041__ $$aspa
000110201 1001_ $$aAZCÓN ANIES,CRISTINA
000110201 24200 $$aBibliographic reseach on the validity and usefulness of optical coherence tomography in small melonocytic masses in the fundus.
000110201 24500 $$aRevisión bibliográfica sobre la validez y utilidad de la tomografía de coherencia óptica en las masas melanocíticas de pequeño tamaño en el fondo de ojo.
000110201 260__ $$aZaragoza$$bUniversidad de Zaragoza$$c2021
000110201 506__ $$aby-nc-sa$$bCreative Commons$$c3.0$$uhttp://creativecommons.org/licenses/by-nc-sa/3.0/
000110201 520__ $$aEn cuanto a los nevus y los melanomas coroideos en ocasiones son clínicamente difíciles de diferenciar, principalmente aquellas lesiones con 2 mm de grosor, de este modo con técnicas no invasivas como la autofluorescencia (AF), la Retinografía, la ecografía y la tomografía de coherencia óptica (OCT) somos capaces de realizar un estudio de estas lesiones coroideas melanocíticas pequeñas.<br />Estas técnicas de imagen para el diagnóstico de oncología ocular son unas técnicas muy valiosas a través de las cuales es posible detectar aquellos signos de riesgo que nos sirven para saber de la existencia de malignidad o no.<br />Esos factores son conocidos con la regla actualizada de “To Find Small Ocular Melanoma Doing IMaging”.<br />En el que cada signo tiene mayor fiabilidad con una determinada técnica, por lo que es conveniente poder realizar todas las técnicas mencionadas anteriormente y entre todas realizar un diagnóstico final. Priorizando de este modo el espesor mayor a 2 mm analizado por ecografía y OCT-EDI, el líquido subretiniano que se analiza por tomografía de coherencia óptica y por ecografía, los síntomas visuales mediante una evaluación clínica, el pigmento naranja por autofluorescencia, la sombra ecográfica del melanoma a través del ecógrafo y el diámetro del tumor mayor a 5 mm que se analiza a través de la retinografía y de la ecografía.<br />Estas técnicas son todas unas técnicas que si se complementan entre ellas es posible llegar a un buen diagnóstico y seguimiento del tumor, dado que todas tienen sus limitaciones y sus ventajas, es decir el conjunto de estas técnicas multimodales son las que resultan más útiles para el diagnóstico de tumores oculares.<br /><br />
000110201 521__ $$aGraduado en Óptica y Optometría
000110201 540__ $$aDerechos regulados por licencia Creative Commons
000110201 700__ $$aMéndez Martínez, Silvia$$edir.
000110201 700__ $$aRuiz Moreno, Óscar$$edir.
000110201 7102_ $$aUniversidad de Zaragoza$$b $$c
000110201 8560_ $$f720508@unizar.es
000110201 8564_ $$s755263$$uhttps://zaguan.unizar.es/record/110201/files/TAZ-TFG-2021-3494.pdf$$yMemoria (spa)
000110201 909CO $$ooai:zaguan.unizar.es:110201$$pdriver$$ptrabajos-fin-grado
000110201 950__ $$a
000110201 951__ $$adeposita:2022-02-10
000110201 980__ $$aTAZ$$bTFG$$cCIEN
000110201 999__ $$a20210910153445.CREATION_DATE